00418 a2200145 4500020001400000040001300014082001300027100002200040245007300062250001200135260004400147300003500191650002300226700002300249 a817473029 aDLCbDLC00a808.06661 aPauley, Steven E.10aTechnical report writing todaycSteven E. Pauley, Daniel G. Riordan. a4th ed. aBoston :bHoughton Mifflin Co.,cc1993. axxii, 481 p. :bill. ;c24 cm. 0aTechnical writing.1 aRiordan, Daniel G.